Land transfer and finance : (رقم التسجيلة. 104107)

تفاصيل مارك
000 -LEADER
fixed length control field 00979cam a2200301 a 4500
008 - FIXED-LENGTH DATA ELEMENTS--GENERAL INFORMATION
fixed length control field 851003s1986 mau b 001 0 eng
020 ## - INTERNATIONAL STANDARD BOOK NUMBER
International Standard Book Number 0316060356
040 ## - CATALOGING SOURCE
Original cataloging agency DLC
Transcribing agency DLC
Modifying agency DLC
043 ## - GEOGRAPHIC AREA CODE
Geographic area code n-us---
050 00 - LIBRARY OF CONGRESS CALL NUMBER
Classification number KF665.A4
Item number A969 1986
092 04 - LOCALLY ASSIGNED DEWEY CALL NUMBER (OCLC)
Classification number 346.730437
Item number A969 1986
Edition number 21
099 ## - LOCAL FREE-TEXT CALL NUMBER (OCLC)
Classification number 04
-- 346.730437 A969 1986
100 1# - MAIN ENTRY--PERSONAL NAME
Personal name Axelrod, Allan,
Dates associated with a name 1922-
245 10 - TITLE STATEMENT
Title Land transfer and finance :
Remainder of title cases and materials /
Statement of responsibility, etc. Allan Axelrod, Curtis J. Berger, Quintin Johnstone.
250 ## - EDITION STATEMENT
Edition statement 3rd ed.
260 ## - PUBLICATION, DISTRIBUTION, ETC.
Place of publication, distribution, etc. Boston :
Name of publisher, distributor, etc. Little, Brown,
Date of publication, distribution, etc. c1986.
300 ## - PHYSICAL DESCRIPTION
Extent xxxiv, 1278 p. ;
Dimensions 24 cm.
440 #0 - SERIES STATEMENT/ADDED ENTRY--TITLE
Title Law school casebook series
504 ## - BIBLIOGRAPHY, ETC. NOTE
Bibliography, etc. note Includes bibliographical references and index.
650 #0 - SUBJECT ADDED ENTRY--TOPICAL TERM
Topical term or geographic name entry element Vendors and purchasers
Geographic subdivision United States
General subdivision Cases.
700 1# - ADDED ENTRY--PERSONAL NAME
Personal name Berger, Curtis J.
700 1# - ADDED ENTRY--PERSONAL NAME
Personal name Johnstone, Quintin.
902 ## - LOCAL DATA ELEMENT B, LDB (RLIN)
No. of Items 1
905 ## - LOCAL DATA ELEMENT E, LDE (RLIN)
Cataloger Eman
Reviser Rev
905 ## - LOCAL DATA ELEMENT E, LDE (RLIN)
Cataloger Jamal
Reviser Cat.
942 ## - ADDED ENTRY ELEMENTS (KOHA)
Source of classification or shelving scheme Dewey Decimal Classification
Koha item type Books
المقتنيات
Source of classification or shelving scheme Not for loan Home library Current library Date acquired Full call number Barcode Date last seen Copy number Koha item type
Dewey Decimal Classification   المكتبة المركزبة الجديدة - جامعة القاهرة قاعة الكتب - الدور الثاني 11.02.2024 346.730437 A969 1986 01000110186557000 23.09.2023 C.1 Books
Cairo University Libraries Portal Implemented & Customized by: Eng. M. Mohamady Contacts: new-lib@cl.cu.edu.eg | cnul@cl.cu.edu.eg
CUCL logo CNUL logo
© All rights reserved — Cairo University Libraries
CUCL logo
Implemented & Customized by: Eng. M. Mohamady Contact: new-lib@cl.cu.edu.eg © All rights reserved — New Central Library
CNUL logo
Implemented & Customized by: Eng. M. Mohamady Contact: cnul@cl.cu.edu.eg © All rights reserved — Cairo National University Library